Statistics for Top 10 Happiest Countries 2024

Click here to take the quiz!

General Stats

  • This quiz has been taken 41 times
  • The average score is 8 of 10

Answer Stats

Happiness RankingAnswer% Correct
7.39Sweden
97%
7.80Finland
95%
7.59Denmark
92%
7.32Norway
92%
7.24Switzerland
85%
7.53Iceland
82%
7.40Netherlands
77%
7.12New Zealand
72%
7.23Luxembourg
62%
7.47Israel
31%

Score Distribution

Percentile by Number Answered

Percent of People with Each Score

Your Score History

You have not taken this quiz